Zdaňovanie pracovných príjmov v EÚ diplomová práca

Gespeichert in:
Bibliographische Detailangaben
1. Verfasser: Šindléryová, Zuzana
Körperschaft: Národohospodárska fakulta EU. Katedra financií
Weitere Verfasser: Rabatinová, Marcela, 1977-
Format: Buch
Sprache:Slowakisch
Veröffentlicht: Bratislava 2010
Tags: Tag hinzufügen
Keine Tags, Fügen Sie das erste Tag hinzu!

MARC

LEADER 00000nam$a2200000$$$4500
001 0119069
005 20240318123952.3
041 0 |a slo 
044 |a SK 
245 1 0 |a Zdaňovanie pracovných príjmov v EÚ  |b diplomová práca  |c Zuzana Šindléryová ; škol. Marcela Rabatinová 
264 1 |a Bratislava  |c 2010 
300 |a 66 s. 
100 1 |a Šindléryová, Zuzana 
700 1 |a Rabatinová, Marcela, 1977- 
710 2 |a Národohospodárska fakulta EU. Katedra financií